000 00409nam a22001457a 4500
082 _a628.1
_bPOL
_cL-tech, P-157
100 _aPollitt, Alan A
_944243
245 _aThe technology of water
_cPollitt, Alan A
260 _alondon
_bErnest benn limited
_c1924
300 _avii, P-158
526 _a0
_b0
_c0
_d628_100000000000000_POL
650 _aMCE
_9379
700 _aPollitt, Alan A
_944243
942 _2ddc
_cBK
999 _c548079
_d548079